000 00604nam a2200229 i 4500
001 C2-0071629
003 PPAK
005 20190630222158.0
008 970429s1983 maua|||| ||||| | eng d
020 _a0669050547
040 _aPPAK
_beng
_cPPAK
_erda
082 0 4 _a428.6
_223
090 0 0 _a428.6
_bCRO
_dK
245 0 0 _aCrossing coundaries
264 1 _aLexington :
_bD.C. Heath and Co. ,
_c1983
300 _a592 pages :
_billustrations ;
_c23 cm
336 _2rdacontent
_atext
337 _2rdamedia
_aunmediated
338 _2rdacarrier
_avolume
650 1 0 _aReaders - fiction
942 _ddc
_cB
999 _c8918
_d8918